New horizons of North-East (Record no. 340937)

000 -LEADER
fixed length control field 00434cam a22001457a 4500
008 - FIXED-LENGTH DATA ELEMENTS--GENERAL INFORMATION
fixed length control field 180718b1982 xxu||||| |||| 00| 0 eng d
082 ## - DEWEY DECIMAL CLASSIFICATION NUMBER
Classification number BA27x5411 B328
100 ## - MAIN ENTRY--PERSONAL NAME
Personal name Baveja, J.D.
245 ## - TITLE STATEMENT
Title New horizons of North-East
Statement of responsibility, etc. by J.D. Baveja
260 ## - PUBLICATION, DISTRIBUTION, ETC.
Place of publication, distribution, etc. Gauhati
Name of publisher, distributor, etc. Western Book
Date of publication, distribution, etc. 1982
300 ## - PHYSICAL DESCRIPTION
Extent 152p.
650 ## - SUBJECT ADDED ENTRY--TOPICAL TERM
Topical term or geographic name entry element India --Social life and customs.
650 ## - SUBJECT ADDED ENTRY--TOPICAL TERM
Topical term or geographic name entry element India, Northeastern --Description and travel
650 ## - SUBJECT ADDED ENTRY--TOPICAL TERM
Topical term or geographic name entry element Baveja, J. D.
Holdings
Withdrawn status Lost status Damaged status Not for loan Permanent Location Current Location Date acquired Full call number Barcode Date last seen Price effective from Koha item type
        Indian Institute of Public Administration Indian Institute of Public Administration 1993-09-15 BA27x5411 B328 58622 2018-07-21 2018-07-21 Book

Powered by Koha